| 000 | 00578nam a2200193Ia 4500 | ||
|---|---|---|---|
| 003 | GCL | ||
| 008 | 140319s9999 xx 000 0 ara d | ||
| 040 |
_aGCL / _cGCL |
||
| 082 | 0 | 4 |
_a350.1 _bع س |
| 100 | 1 | _aعبدالغفار حنفى | |
| 245 | 1 | 0 |
_aالسلوك التنظيمى وادارة الافراد / _cعبدالغفار حنفى |
| 300 | _a640 ص | ||
| 490 |
_aكتاب _v0 |
||
| 650 | 0 | 4 | _aالادارة العامة |
| 650 | 0 | 4 | _aادارة الافراد |
| 650 | 0 | 4 | _aالاجور |
| 650 | 0 | 4 | _aالاجتماع الصناعى، علم |
| 942 |
_2ddc _cBK |
||
| 999 |
_c42182 _d42182 |
||